The Effects of decreased nutrient loading on the limnology of Diamond Lake, Oregon /

Bibliographic Details
Corporate Author: Corvallis Environmental Research Laboratory
Other Authors: Lauer, W. L.
Format: Government Document Book
Language:English
Published: Corvallis, OR : Corvallis Environmental Research Laboratory, Office of Research and Development, U.S. Environmental Protection Agency ; [1979]
Series:Research reporting series. Special reports ; EPA-600/8-79-017 a.
Subjects:

MARC

Tag First Indicator Second Indicator Subfields
LEADER 00000cam a2200000 a 4500
001 in00000820621
005 20151018120825.0
008 800211s1979 orua b f00000 eng d
010 |a gp 82000346  
035 |a (OCoLC)05972613 
035 |9 ADW5595AM 
040 |a UDI  |c UDI  |d m.c.  |d GPO  |d UtOrBLW 
043 |a n-us-or 
074 |a 431-I-1 
086 0 |a EP 1.2:N 95/3 
090 |a TD225.D58  |b E27 
245 0 4 |a The Effects of decreased nutrient loading on the limnology of Diamond Lake, Oregon /  |c by W.L. Lauer [and others]. 
264 1 |a Corvallis, OR :  |b Corvallis Environmental Research Laboratory, Office of Research and Development, U.S. Environmental Protection Agency ;  |c [1979] 
264 2 |a Springfield, Va. :  |b National Technical Information Service [distributor], 
300 |a viii, 60 pages :  |b illustrations ;  |c 28 cm. 
336 |a text  |b txt  |2 rdacontent 
337 |a unmediated  |b n  |2 rdamedia 
338 |a volume  |b nc  |2 rdacarrier 
490 1 |a Research reporting series. 8, Special reports ;  |v EPA-600/8-79-017 a 
500 |a "June 1979." 
504 |a Bibliography: pages 56-59. 
650 0 |a Limnology  |z Oregon  |z Diamond Lake (Lake) 
650 0 |a Eutrophication  |z Oregon  |z Diamond Lake (Lake) 
651 0 |a Diamond Lake, (Or. : Lake) 
700 1 |a Lauer, W. L. 
710 2 |a Corvallis Environmental Research Laboratory. 
830 0 |a Research reporting series.  |n 8,  |p Special reports ;  |v EPA-600/8-79-017 a. 
999 |a MARS 
999 f f |s 4a992206-4e60-3c17-918f-fb363160fb67  |i 3d4f97fc-bd67-38e5-a05f-fb2bbafab018  |t 0 
952 f f |p normal  |a Texas A&M University  |b College Station  |c Sterling C. Evans Library  |d Evans: US Documents (Annex 5th floor)  |t 0  |e EP 1.2:N 95/3  |h Superintendent of Documents classification  |i unmediated -- volume  |m A14812843584 
998 f f |a EP 1.2:N 95/3  |t 0  |l Evans: US Documents (Annex 5th floor)